000 00476nam a2200181Ia 4500
001 21046
005 20260306172850.0
008 260306t2016||||xx |||||||||||||| ||spa||
041 _aESP
082 _a344
_bH96
100 _aHurtado Pozo, José
_eAUT
245 0 _aEl sistema de control penal, derecho penal general y especial, política criminal y sanciones penales
260 _c2016
300 _a
_c
650 _aGEN
654 _aCDE
942 _cLIB
_dJUS
_fJUS
_2ddc
_n
999 _c21046
_d21046